000 00469nam a2200181Ia 4500
001 19915
005 20260306172728.0
008 260306t2016||||xx |||||||||||||| ||spa||
041 _aESP
082 _a341.4
_bL25
100 _aLariguet, Guillermo
_eAUT
245 0 _aMetodología de la investigación jurídica:
_bpropuestas contemporáneas
260 _c2016
300 _a525 páginas :
_c25 cm.
650 _aGEN
654 _aCDE
942 _cLIB
_dJUS
_fJUS
_2ddc
_n
999 _c19915
_d19915